|
|
|
|
| LEADER |
00000nam0a2200000 4500 |
| 001 |
317667 |
| 005 |
20231102003010.0 |
| 035 |
|
|
|a (RuTPU)RU\TPU\book\343135
|
| 090 |
|
|
|a 317667
|
| 100 |
|
|
|a 20160412d1967 m y0rusy50 ca
|
| 101 |
0 |
|
|a rus
|
| 102 |
|
|
|a RU
|
| 105 |
|
|
|a a z 001zb
|
| 200 |
1 |
|
|a Гамлет - фильм Козинцева
|f Е. С. Добин
|g Ленинградский государственный институт театра, музыки и кинематографии (ЛГИТМиК)
|
| 210 |
|
|
|a Ленинград
|a Москва
|c Искусство
|d 1967
|
| 215 |
|
|
|a 163 с.
|c ил.
|
| 320 |
|
|
|a Библиогр.: с. 161-163
|
| 320 |
|
|
|a Фильмография: с. 158
|
| 600 |
|
1 |
|a Козинцев
|b Г. М.
|c советский режиссёр кино и театра, сценарист, педагог. Народный артист СССР (1964)
|f 1905-1973
|g Григорий Михайлович
|2 stltpush
|3 (RuTPU)RU\TPU\pers\36692
|
| 606 |
1 |
|
|a Кинематография
|2 stltpush
|3 (RuTPU)RU\TPU\subj\39488
|9 59564
|
| 610 |
1 |
|
|a киноискусство
|
| 610 |
1 |
|
|a художественные фильмы
|
| 610 |
1 |
|
|a Гамлет
|
| 610 |
1 |
|
|a история
|
| 610 |
1 |
|
|a режиссура
|
| 610 |
1 |
|
|a актеры
|
| 610 |
1 |
|
|a роли
|
| 675 |
|
|
|a 778.5
|v 4
|
| 700 |
|
1 |
|a Добин
|b Е. С.
|g Ефим Семенович
|
| 712 |
0 |
2 |
|a Ленинградский государственный институт театра, музыки и кинематографии (ЛГИТМиК)
|c (1962-1993)
|2 stltpush
|3 (RuTPU)RU\TPU\col\15503
|
| 801 |
|
1 |
|a RU
|b 63413507
|c 20160412
|
| 801 |
|
2 |
|a RU
|b 63413507
|c 20160517
|g RCR
|
| 942 |
|
|
|c BK
|